000 00354nam a2200133Ia 4500
005 20251222144638.0
008 251222s9999||||xx |||||||||||||| ||spa||
020 _a9972-57-073-8
082 _a658.918.5/M32/2004/Ej.2
100 _aMayorga, David
245 0 _aLas Mejores Prácticas del Marketing:
264 _bUniversidad del PacĂ­fico
942 _cLIB
999 _c16564
_d16564